000 01199cam a2200289 a 4500
001 c 68001762
003 DLC
005 20260227111036.0
008 031106m19609999cc a 000 0 chi
010 _ac 68001762
035 _a(CStRLIN)DCLP03-B16683
040 _aDLC
_cDLC-R
_dDLC-R
_dDLC
050 0 0 _aS760.C55
_bN32
066 _c$1
245 0 0 _6880-01
_aNong ye dong li :
_bnong ye ji xie hua zhuan ye gua yong /
_cNanjing nong xue yuan nong ye ji xie hua fen yuan bian.
250 _6880-02
_aDi 1 ban.
260 _6880-03
_aShanghai :
_bShanghai ke xue ji shu wen xian chu ban she,
_c1960
_g(1962 printing)
300 _av. <1 > :
_bill. ;
_c26 x 35 cm.
500 _aAt head of title: Zhong deng nong ye xue xiao shi yong ke shu.
500 _aPhotocopy.
650 0 _aAgricultural machinery
_zChina.
710 2 _6880-04
_aNanjing nong xue yuan.
_bNong ye ji xie hua fen yuan.
880 0 0 _6245-01/$1
_a农业动力 :
_b农业机械化专业适用 /
_c南京科学院农业机械化分院
880 _6250-02/$1
_a第1版.
880 _6260-03/$1
_a上海 :
_b上海科学技术文献出版社,
_c1960
_g(1962 printing)
880 2 _6710-04/$1
_a南京科学院.
_b农业机械化分院.
999 _c12967
_d12967